The Vatican Multiple Choice - Statistics

General Stats
  • This quiz has been taken 165 times
  • The average score is 9 of 15
Answer Stats
Question Answer % Correct
What is the election of the Pope called? Papal conclave
95%
What is the army of the Vatican called? Swiss Guard
95%
Which person is symbolised with keys, which is also the symbol of the Holy See. Saint Peter
90%
In which French City was the Babylonian Captivity (papacy in France)? Avignon
81%
Does the Holy See have extraterritorial properties? Yes
81%
Who is the current Pope? Francis I
76%
Who was the architect of the Peter's Square? Gian Lorenzo Bernini
67%
In which modern day country did the Papal States never have territory? Switzerland
67%
The Tiber... is east of the Vatican
57%
Which ruler of Italy gave the Holy See the Vatican for it to become a country? Benito Mussolini
52%
Is the Lateran in the Vatican? No
52%
The official language(s) of the Vatican City is/are Latin
33%
Which of the following does the Vatican City not have? Bus stop
29%
Which church is the parish church of the Vatican City? Saint Anne in the Vatican
24%
How many retired popes have there been? 3
14%
No matching quizzes found
Score Distribution
Percent of People with Each Score
Percentile by Number Answered
Your Score History
You have not taken this quiz